[Event "Titled Tue 1st Jul Early"]
[Site "chess.com INT"]
[Date "2025.07.01"]
[Round "3"]
[White "Buscar, Michael"]
[Black "Gharibyan, Mamikon"]
[Result "0-1"]
[BlackTitle "GM"]
[WhiteElo "2016"]
[BlackElo "2495"]
[WhiteFideId "2603616"]
[BlackFideId "13308300"]
[EventDate "2025.07.01"]

1. d4 Nf6 2. c4 e6 3. Nc3 Bb4 4. e3 O-O 5. Bd3 d5 6. Nf3 b6 7. O-O Bb7 8. cxd5
exd5 9. a3 Bd6 10. Nb5 Be7 11. Ne5 Nbd7 12. f4 Ne4 13. Qc2 c5 14. Nc3 Ndf6 15.
Rd1 cxd4 16. exd4 Rc8 17. Be3 Nxc3 18. bxc3 Ne4 19. Bxe4 dxe4 20. c4 b5 21. c5
Bd5 22. a4 a6 23. axb5 axb5 24. Ra7 Rc7 25. Rda1 Qb8 26. Nd7 Rxa7 27. Nxb8 Rxa1+
28. Kf2 Rxb8 29. Kg3 Ra3 30. Qc1 b4 31. f5 Bg5 0-1

[Event "Titled Tue 1st Jul Early"]
[Site "chess.com INT"]
[Date "2025.07.01"]
[Round "3"]
[White "Habans Aguerrea, Javier"]
[Black "Le, Tuan Minh"]
[Result "0-1"]
[WhiteTitle "IM"]
[BlackTitle "GM"]
[WhiteElo "2448"]
[BlackElo "2598"]
[WhiteFideId "24524689"]
[BlackFideId "12401153"]
[EventDate "2025.07.01"]

1. d4 d5 2. c4 c6 3. cxd5 cxd5 4. Bf4 Nf6 5. e3 Nc6 6. Nc3 Bg4 7. Qb3 Na5 8.
Qa4+ Bd7 9. Qc2 Rc8 10. Bd3 e6 11. Nf3 b5 12. a3 Be7 13. O-O O-O 14. h3 Nc4 15.
Ne5 h6 16. Rfc1 a6 17. Qe2 Be8 18. a4 Nd7 19. Nxd7 Bxd7 20. axb5 axb5 21. b3 Na5
22. Nxb5 Nxb3 23. Rxc8 Qxc8 24. Rb1 Nc1 25. Qc2 Qxc2 26. Bxc2 Ne2+ 27. Kf1 Nxf4
28. exf4 Bf6 29. Ke2 g6 30. Ke3 Ra8 31. Bd3 Ra4 32. Nd6 Bxd4+ 33. Kf3 Bc5 34.
Nxf7 Kxf7 35. Rb7 Ra7 0-1

[Event "Titled Tue 1st Jul Early"]
[Site "chess.com INT"]
[Date "2025.07.01"]
[Round "3"]
[White "Duarte, Leonardo"]
[Black "Preobrazhenskaya, Diana"]
[Result "0-1"]
[WhiteTitle "IM"]
[BlackTitle "WFM"]
[WhiteElo "2304"]
[BlackElo "2029"]
[WhiteFideId "110582"]
[BlackFideId "34270566"]
[EventDate "2025.07.01"]

1. e4 c5 2. Nf3 d6 3. d4 cxd4 4. Nxd4 Nf6 5. Nc3 a6 6. Be2 e5 7. Nb3 Be7 8. O-O
O-O 9. Qd3 Be6 10. Be3 Nc6 11. Nd5 Nxd5 12. exd5 Nb4 13. Qd2 Nxd5 14. c4 Nxe3
15. Qxe3 Bg5 16. Qd3 f5 17. Rfd1 Be7 18. Qe3 Qc7 19. Rac1 Rac8 20. Nd4 Bd7 21.
Bf3 Kh8 22. Bd5 Rce8 23. Ne6 Bxe6 24. Bxe6 Rf6 25. Bd5 Rg6 26. Qb3 Rb8 27. Qh3
Rf8 28. Rd3 Bg5 29. Qh5 Bxc1 0-1

[Event "Titled Tue 1st Jul Early"]
[Site "chess.com INT"]
[Date "2025.07.01"]
[Round "3"]
[White "Vijayakumar, Rishi"]
[Black "Tica, Sven"]
[Result "0-1"]
[WhiteTitle "FM"]
[BlackTitle "IM"]
[WhiteElo "2333"]
[BlackElo "2442"]
[WhiteFideId "2408953"]
[BlackFideId "14526948"]
[EventDate "2025.07.01"]

1. d4 g6 2. e4 Bg7 3. Nc3 c6 4. Be3 d5 5. Nf3 dxe4 6. Nxe4 Nf6 7. Ng3 O-O 8. Bc4
Bg4 9. h3 Bxf3 10. Qxf3 Nbd7 11. Bb3 a5 12. a3 a4 13. Ba2 Qa5+ 14. Bd2 Qb6 15.
Bc3 Qb5 16. Qe2 Qxe2+ 17. Kxe2 e6 18. Bb4 Rfe8 19. c4 e5 20. d5 cxd5 21. cxd5
Nb6 22. Rhd1 Red8 23. Be7 Rd7 24. Bxf6 Bxf6 25. Rac1 Ra5 26. d6 Rb5 27. Rd2 Bg5
28. Ne4 Bxd2 29. Nf6+ Kg7 30. Nxd7 Bxc1 31. Nxb6 Rxb6 0-1

[Event "Titled Tue 1st Jul Early"]
[Site "chess.com INT"]
[Date "2025.07.01"]
[Round "3"]
[White "Kocharin, Timur"]
[Black "Vagman, Roy"]
[Result "0-1"]
[WhiteTitle "FM"]
[BlackTitle "FM"]
[WhiteElo "2302"]
[BlackElo "2403"]
[WhiteFideId "16240936"]
[BlackFideId "2828995"]
[EventDate "2025.07.01"]

1. d4 Nf6 2. Nc3 e6 3. e4 d5 4. e5 Nfd7 5. f4 c5 6. Nf3 Nc6 7. Be3 a6 8. a3 b5
9. Qd2 Qb6 10. h4 h5 11. Rh3 g6 12. dxc5 Bxc5 13. Bxc5 Nxc5 14. b4 Ne4 15. Nxe4
dxe4 16. Ng5 Bb7 17. Nxe4 O-O 18. Rd3 Kg7 19. Nf6 Rad8 20. Rd1 Rxd3 21. Qxd3 Rd8
22. Qc3 Rxd1+ 23. Kxd1 Qf2 24. Qf3 Qxh4 25. Ne8+ Kf8 26. Nd6 Nxe5 27. Qxb7 Qxf4
28. Qb8+ Kg7 29. Be2 Qd4+ 30. Ke1 Qg1+ 31. Bf1 Qe3+ 32. Kd1 Qd4+ 33. Ke2 Ng4 34.
Ne8+ Kh6 35. Qg3 Qc4+ 36. Qd3 Qc6 37. Nd6 Qb6 38. Kd1 Nf2+ 0-1

[Event "Titled Tue 1st Jul Early"]
[Site "chess.com INT"]
[Date "2025.07.01"]
[Round "3"]
[White "Tari, Aryan"]
[Black "Ribeiro, Gustavo"]
[Result "0-1"]
[WhiteTitle "GM"]
[BlackTitle "FM"]
[WhiteElo "2636"]
[BlackElo "2314"]
[WhiteFideId "1510045"]
[BlackFideId "1941852"]
[EventDate "2025.07.01"]

1. e4 e5 2. Nf3 Nc6 3. Bc4 Nf6 4. d3 Bc5 5. Nc3 d6 6. Na4 Bb6 7. a3 O-O 8. O-O
Be6 9. Bxe6 fxe6 10. c3 Qe8 11. Nxb6 axb6 12. b4 h6 13. h3 Kh7 14. Re1 Nh5 15.
Ra2 Nf4 16. Kh2 Qg6 17. g3 Nh5 18. Be3 Qf7 19. Ng1 b5 20. d4 exd4 21. cxd4 Nf6
22. Qb1 Qg6 23. f3 d5 24. e5 Qxb1 25. Rxb1 Nd7 26. Kg2 Nb6 27. Ne2 Nc4 28. Bc1
Ra4 29. Rb3 Rfa8 30. Nc3 Nxd4 31. Rb1 R4a6 32. Rba1 Nb3 33. Rb1 Nxc1 34. Rxc1
Rxa3 35. Rxa3 Rxa3 36. Nxb5 Ra2+ 37. Kh1 Nxe5 38. Nd4 Rd2 39. Re1 Rxd4 40. Rxe5
Rxb4 41. Rxe6 d4 42. Re7 c5 43. Rd7 Rb1+ 44. Kg2 Rb2+ 45. Kf1 b5 46. f4 b4 47.
f5 Kg8 48. g4 b3 49. h4 Rh2 50. Kg1 Rxh4 51. Kg2 Rxg4+ 52. Kf3 Rg1 53. Ke4 b2 0-1

[Event "Titled Tue 1st Jul Early"]
[Site "chess.com INT"]
[Date "2025.07.01"]
[Round "3"]
[White "Gajic, Mladen"]
[Black "Schnell, Sebastian Narayana"]
[Result "1-0"]
[WhiteTitle "FM"]
[BlackTitle "CM"]
[WhiteElo "2246"]
[BlackElo "2050"]
[WhiteFideId "1709178"]
[BlackFideId "6605290"]
[EventDate "2025.07.01"]

1. d4 Nf6 2. Bg5 d5 3. Bxf6 exf6 4. e3 Bd6 5. c4 c6 6. cxd5 cxd5 7. Nc3 Be6 8.
g3 O-O 9. Bg2 Bb4 10. Ne2 Nc6 11. O-O Qd7 12. Rc1 Rad8 13. a3 Ba5 14. Nf4 Ne7
15. b4 Bb6 16. Qb3 g5 17. Nh5 Kh8 18. Nxf6 Qd6 19. Nb5 Qb8 20. h3 Ng8 21. Nxg8
Rxg8 22. a4 f5 23. a5 a6 24. axb6 axb5 25. Rc7 f4 26. exf4 gxf4 27. Re1 Rde8 28.
g4 Qd8 29. Re5 Qh4 30. Qf3 Bxg4 31. hxg4 Rxg4 32. Rxe8+ 1-0

[Event "Titled Tue 1st Jul Early"]
[Site "chess.com INT"]
[Date "2025.07.01"]
[Round "3"]
[White "Nurgaliyev, Sauat"]
[Black "Aadit, Bhatia"]
[Result "1-0"]
[WhiteTitle "IM"]
[WhiteElo "2404"]
[BlackElo "2101"]
[WhiteFideId "13726285"]
[BlackFideId "25088955"]
[EventDate "2025.07.01"]

1. e4 c5 2. Nf3 d6 3. d4 cxd4 4. Nxd4 Nf6 5. Nc3 g6 6. Be3 a6 7. f3 Bg7 8. Qd2
h5 9. Bc4 b5 10. Bb3 Bb7 11. O-O Nbd7 12. a4 b4 13. Nd5 Nxd5 14. Bxd5 Rb8 15.
Bxb7 Rxb7 16. Nc6 Qc7 17. Nxb4 Qa5 18. c3 Ne5 19. Qe2 O-O 20. Nxa6 Nc6 21. b4
Qe5 22. Rfc1 Qe6 23. Rab1 d5 24. Nc5 Qc8 25. exd5 Ne5 26. Nxb7 Qxb7 27. c4 Rc8
28. a5 h4 29. b5 h3 30. a6 Qd7 31. b6 hxg2 32. b7 Rf8 33. b8=Q Qh3 34. Qxf8+
Bxf8 35. Qxg2 Nxf3+ 36. Kh1 Qh5 37. Rf1 Nh4 38. Qg5 Qh8 39. a7 1-0

[Event "Titled Tue 1st Jul Early"]
[Site "chess.com INT"]
[Date "2025.07.01"]
[Round "3"]
[White "Cuenca Jimenez, Jose Fernando"]
[Black "Vokhidov, Shamsiddin"]
[Result "0-1"]
[WhiteTitle "GM"]
[BlackTitle "GM"]
[WhiteElo "2477"]
[BlackElo "2650"]
[WhiteFideId "2255570"]
[BlackFideId "14204223"]
[EventDate "2025.07.01"]

1. d4 Nf6 2. Bf4 b6 3. Nc3 Bb7 4. f3 e6 5. e4 a6 6. Be3 Bb4 7. Ne2 d5 8. e5 Nfd7
9. f4 Be7 10. Ng1 c5 11. Nf3 Nc6 12. Qd2 b5 13. Be2 b4 14. Nd1 a5 15. O-O cxd4
16. Nxd4 Nc5 17. Nf2 O-O 18. Nxc6 Bxc6 19. Bd4 Ne4 20. Nxe4 dxe4 21. Qe3 Qc7 22.
Rac1 Qb7 23. Bc5 Bxc5 24. Qxc5 Rfd8 25. Qe3 a4 26. Rfd1 Bd5 27. b3 Rdc8 28. Rd4
Rc3 29. Qf2 axb3 30. axb3 Bxb3 31. Rb1 Rxc2 32. Qe3 Rc3 33. Qf2 Rac8 34. h3 h6
35. Kh2 Qe7 36. Bb5 Qc5 37. Ba6 e3 0-1

[Event "Titled Tue 1st Jul Early"]
[Site "chess.com INT"]
[Date "2025.07.01"]
[Round "3"]
[White "Bozorov, Javohir"]
[Black "Piesik, Piotr"]
[Result "0-1"]
[WhiteTitle "FM"]
[BlackTitle "IM"]
[WhiteElo "2039"]
[BlackElo "2436"]
[WhiteFideId "14216957"]
[BlackFideId "1136194"]
[EventDate "2025.07.01"]

1. e4 g6 2. d4 Bg7 3. h4 h5 4. Bg5 d5 5. e5 c5 6. c3 Nc6 7. Bb5 Nh6 8. Ne2 Nf5
9. Nd2 cxd4 10. cxd4 Qb6 11. Qa4 Bd7 12. Nb3 Nxe5 13. Bxd7+ Nxd7 14. O-O-O Qc6+
15. Qxc6 bxc6 16. Rhe1 O-O 17. f3 Rfe8 18. g4 hxg4 19. fxg4 Nd6 20. Ng3 Nf6 21.
Nc5 Nxg4 22. Bxe7 Nb5 23. Nb3 Nf2 24. Rd2 Bh6 25. Nc5 Nxd4 26. Rf1 Rxe7 27. Rxf2
Re1# 0-1

[Event "Titled Tue 1st Jul Early"]
[Site "chess.com INT"]
[Date "2025.07.01"]
[Round "3"]
[White "Yang, Daniel"]
[Black "Kim, Sergey"]
[Result "0-1"]
[WhiteTitle "CM"]
[BlackTitle "FM"]
[WhiteElo "2219"]
[BlackElo "2295"]
[WhiteFideId "30976340"]
[BlackFideId "13700570"]
[EventDate "2025.07.01"]

1. Nf3 Nf6 2. g3 g6 3. Bg2 Bg7 4. O-O d6 5. d4 O-O 6. c4 Nbd7 7. Nc3 e5 8. e4
exd4 9. Nxd4 Re8 10. h3 Nc5 11. Re1 c6 12. Rb1 a5 13. b3 h6 14. a3 a4 15. b4 Ne6
16. Be3 Ng5 17. Bxg5 hxg5 18. Qd2 g4 19. h4 Nd7 20. Rbd1 Ne5 21. Qe2 Qb6 22. Kh2
Qa6 23. b5 Qb6 24. bxc6 bxc6 25. Bf1 Qc5 26. Kg2 Qxa3 27. Qc2 Nf3 28. Nde2 Be6
29. Nb1 Qb3 30. Qc1 a3 31. Nd2 Nxe1+ 32. Rxe1 Qb2 33. Qxb2 Bxb2 34. Nc1 a2 0-1

[Event "Titled Tue 1st Jul Early"]
[Site "chess.com INT"]
[Date "2025.07.01"]
[Round "3"]
[White "Sobek, Jaroslav"]
[Black "Emeliantsev, Anatoliy"]
[Result "0-1"]
[WhiteTitle "FM"]
[BlackTitle "FM"]
[WhiteElo "2195"]
[BlackElo "2359"]
[WhiteFideId "301388"]
[BlackFideId "4160681"]
[EventDate "2025.07.01"]

1. d4 Nf6 2. c4 g6 3. Nc3 Bg7 4. e4 O-O 5. h3 d6 6. Bg5 c5 7. d5 h6 8. Be3 e6 9.
Bd3 exd5 10. exd5 Re8 11. Nf3 Rxe3+ 12. fxe3 Qe7 13. O-O Nbd7 14. e4 Nh5 15. e5
Nxe5 16. Nxe5 Bxe5 17. Qf3 f5 18. Rae1 Bd7 19. Re2 Qg5 20. g4 Nf4 21. Rxe5 dxe5
22. Be2 fxg4 23. hxg4 Bxg4 24. Qg2 Nxg2 0-1

[Event "Titled Tue 1st Jul Early"]
[Site "chess.com INT"]
[Date "2025.07.01"]
[Round "3"]
[White "Mora Munoz, Alejandro"]
[Black "Van Baar, Esper"]
[Result "1-0"]
[WhiteTitle "FM"]
[BlackTitle "FM"]
[WhiteElo "2147"]
[BlackElo "2232"]
[WhiteFideId "4469844"]
[BlackFideId "1049321"]
[EventDate "2025.07.01"]

1. e4 e6 2. d4 d5 3. Nd2 dxe4 4. Nxe4 Nd7 5. Bd3 Ngf6 6. Nf3 b6 7. O-O Bb7 8.
Qe2 Be7 9. Re1 h6 10. c3 Nxe4 11. Bxe4 Bxe4 12. Qxe4 Nf6 13. Qc6+ Kf8 14. Bf4
Bd6 15. Be5 Rc8 16. Rad1 Qd7 17. Qc4 Be7 18. Bg3 Qd5 19. Qa6 Qa8 20. c4 g6 21.
d5 exd5 22. cxd5 Bd6 23. Ne5 Kg7 24. Qd3 Rhe8 25. Qd4 Bc5 26. Qc3 a5 27. Nd7
Rxe1+ 28. Rxe1 1-0

[Event "Titled Tue 1st Jul Early"]
[Site "chess.com INT"]
[Date "2025.07.01"]
[Round "3"]
[White "Sitbon, Itay"]
[Black "Indjic, Aleksandar"]
[Result "0-1"]
[BlackTitle "GM"]
[WhiteElo "2206"]
[BlackElo "2661"]
[WhiteFideId "2820706"]
[BlackFideId "911925"]
[EventDate "2025.07.01"]

1. e4 d6 2. d4 Nf6 3. Nc3 e5 4. Nf3 Nbd7 5. Bc4 Be7 6. O-O h6 7. a4 c6 8. a5 Qc7
9. Qe2 g5 10. Rd1 Nf8 11. dxe5 dxe5 12. b3 Ng6 13. Ne1 Nf4 14. Bxf4 gxf4 15. f3
Rg8 16. Kh1 Bb4 17. Rd3 Bxa5 18. Rad1 Qe7 19. Qf2 Nh5 20. Na4 b5 21. b4 bxc4 22.
R3d2 Bc7 23. Nc5 a5 24. c3 axb4 25. cxb4 Rb8 26. Nc2 Rg6 27. Kg1 Rd6 28. Qe2
Rxd2 29. Rxd2 Rxb4 30. Nxb4 Qxc5+ 31. Kf1 Qxb4 32. Qd1 c3 33. Rd3 Ba6 34. Kf2
Bb6+ 35. Ke2 Qb2+ 0-1

[Event "Titled Tue 1st Jul Early"]
[Site "chess.com INT"]
[Date "2025.07.01"]
[Round "3"]
[White "Brejnik, Gustav"]
[Black "Lisenkov, Svyatoslav"]
[Result "0-1"]
[WhiteTitle "FM"]
[BlackTitle "CM"]
[WhiteElo "2220"]
[BlackElo "2283"]
[WhiteFideId "362662"]
[BlackFideId "34264183"]
[EventDate "2025.07.01"]

1. d4 Nf6 2. Nf3 g6 3. g3 Bg7 4. Bg2 O-O 5. O-O d6 6. c4 Nc6 7. Nc3 e5 8. dxe5
dxe5 9. Bg5 h6 10. Qxd8 Rxd8 11. Bxf6 Bxf6 12. Nd5 Kg7 13. Nxc7 Rb8 14. Nd5 e4
15. Nd2 e3 16. fxe3 Bxb2 17. Rab1 Ba3 18. Nb3 Bf5 19. e4 Be6 20. e3 Ne5 21. Nd4
Nxc4 22. Nxe6+ fxe6 23. Nc7 Rd6 24. e5 Nxe5 25. Rxb7 Rxb7 26. Bxb7 Kh7 27. Be4
Bc5 28. Ne8 Bxe3+ 29. Kg2 Rd2+ 30. Kh3 h5 31. Nf6+ Kh6 32. Re1 g5 33. Ng8+ Kg7
34. Rxe3 Ng4 0-1

[Event "Titled Tue 1st Jul Early"]
[Site "chess.com INT"]
[Date "2025.07.01"]
[Round "3"]
[White "Borges, Wagner da Silva"]
[Black "Purygin, Andrei"]
[Result "0-1"]
[WhiteTitle "CM"]
[BlackTitle "FM"]
[WhiteElo "2055"]
[BlackElo "2335"]
[WhiteFideId "2100401"]
[BlackFideId "24111180"]
[EventDate "2025.07.01"]

1. Nf3 d5 2. g3 b5 3. Bg2 Bb7 4. d4 Nf6 5. a4 b4 6. c3 e6 7. O-O a5 8. Nbd2 Bd6
9. Ne5 c5 10. f4 O-O 11. e3 Nbd7 12. Nxd7 Qxd7 13. Nf3 Ne4 14. Ne5 Qc7 15. Qg4
Rfe8 16. Qe2 f6 17. Nd3 bxc3 18. dxc5 cxb2 19. Bxb2 Nxc5 20. Nxc5 Bxc5 21. Rac1
Ba6 22. Qc2 Bxf1 23. Kxf1 Rec8 24. Bd4 Ra6 25. Bxc5 Rc6 26. Bh3 f5 27. Qb2 Rxc5
28. Rxc5 Qxc5 29. Qe5 Qc1+ 0-1

[Event "Titled Tue 1st Jul Early"]
[Site "chess.com INT"]
[Date "2025.07.01"]
[Round "3"]
[White "Christiansen, Johan-Sebastian"]
[Black "Baturin-Vinogradov, Miroslav"]
[Result "1-0"]
[WhiteTitle "GM"]
[BlackTitle "CM"]
[WhiteElo "2642"]
[BlackElo "2066"]
[WhiteFideId "1512668"]
[BlackFideId "55745741"]
[EventDate "2025.07.01"]

1. e4 e5 2. Nf3 Nc6 3. Nc3 Nf6 4. a3 d5 5. Bb5 d4 6. Ne2 Bd6 7. c3 dxc3 8. d4
Qe7 9. dxe5 Bxe5 10. Nxe5 Qxe5 11. Nxc3 O-O 12. Bxc6 bxc6 13. O-O Ba6 14. Re1
Rfd8 15. Qf3 Rd3 16. Qf4 Qxf4 17. Bxf4 Rb8 18. Na4 Bb5 19. Nc5 Rd4 20. Bxc7 Re8
21. f3 Rc4 22. Rac1 Rxc1 23. Rxc1 Rc8 24. Be5 Ne8 25. a4 f6 26. Bg3 Be2 27. Kf2
Bb5 28. axb5 cxb5 29. Nd3 Rd8 30. Ke2 Kf7 31. Rc5 a6 32. Rc6 Ra8 33. Rb6 1-0

[Event "Titled Tue 1st Jul Early"]
[Site "chess.com INT"]
[Date "2025.07.01"]
[Round "3"]
[White "Lazaro Azcutia, Miguel"]
[Black "Asensio Ramos, Enrique Fernando"]
[Result "1-0"]
[WhiteTitle "CM"]
[BlackTitle "CM"]
[WhiteElo "2275"]
[BlackElo "2200"]
[WhiteFideId "54538254"]
[BlackFideId "2214172"]
[EventDate "2025.07.01"]

1. e4 c5 2. Nf3 d6 3. d4 cxd4 4. Nxd4 Nf6 5. Nc3 g6 6. Be3 Nc6 7. f3 h5 8. Bc4
Bd7 9. Qe2 Bg7 10. O-O-O Rc8 11. Bb3 Na5 12. Kb1 Nxb3 13. axb3 a6 14. h3 h4 15.
Bg5 Qa5 16. Bxf6 Bxf6 17. Nd5 Bg7 18. Nf5 gxf5 19. exf5 Be5 20. f4 Bxf5 21. Rd2
Rxc2 22. Rxc2 Qxd5 23. fxe5 Qxb3 24. Rc1 O-O 25. exd6 exd6 26. Qh5 Bg6 27. Qg4
Kg7 28. Ka1 1-0

[Event "Titled Tue 1st Jul Early"]
[Site "chess.com INT"]
[Date "2025.07.01"]
[Round "3"]
[White "Bestard Borras, Miguel"]
[Black "Mohammadi, Melika"]
[Result "0-1"]
[WhiteTitle "CM"]
[BlackTitle "WFM"]
[WhiteElo "2116"]
[BlackElo "2244"]
[WhiteFideId "2221888"]
[BlackFideId "42529271"]
[EventDate "2025.07.01"]

1. d4 Nf6 2. Bg5 e6 3. e4 d6 4. Bd3 Be7 5. f4 h6 6. Bxf6 Bxf6 7. e5 dxe5 8. fxe5
Be7 9. Nf3 c5 10. c3 cxd4 11. cxd4 Nc6 12. O-O Nxd4 13. Nxd4 Qxd4+ 14. Kh1 Qxe5
15. Nc3 O-O 16. Qc2 Bd6 17. g3 Bd7 18. Rfb1 Rac8 19. Re1 Qh5 20. Bh7+ Kh8 21.
Be4 Bb4 22. Bxb7 Rc7 23. Be4 Rfc8 24. Qd3 Bc6 25. Bxc6 Rxc6 26. Ne4 Bxe1 27.
Rxe1 Rc1 28. Qd2 Qf3+ 29. Kg1 Rxe1+ 30. Qxe1 Rd8 31. Nc3 Qd3 32. Qf2 Rd7 33. Qc5
Kh7 34. Kf2 Qc2+ 35. Kf3 Rd3+ 36. Kg4 Qxh2 37. Ne4 f5+ 38. Kf4 fxe4 39. Kxe4
Qe2+ 40. Kf4 Rf3+ 41. Kg4 Rf5+ 42. Kh4 Rxc5 0-1

[Event "Titled Tue 1st Jul Early"]
[Site "chess.com INT"]
[Date "2025.07.01"]
[Round "3"]
[White "Alvarado Diaz, Alejandro"]
[Black "Turcsanyi, Vince Gergo"]
[Result "1-0"]
[WhiteTitle "IM"]
[BlackTitle "FM"]
[WhiteElo "2484"]
[BlackElo "2312"]
[WhiteFideId "2276119"]
[BlackFideId "791784"]
[EventDate "2025.07.01"]

1. e4 d6 2. Nc3 Nf6 3. Bc4 c6 4. Bb3 e5 5. d3 Be7 6. f4 b5 7. Nf3 Bg4 8. O-O a5
9. a4 b4 10. Ne2 Nbd7 11. Ng3 Qb6+ 12. Kh1 h5 13. Nf5 Bxf5 14. exf5 h4 15. Qe1
h3 16. gxh3 Rxh3 17. Ng5 Rh6 18. Nxf7 Rh5 19. Qe2 1-0

[Event "Titled Tue 1st Jul Early"]
[Site "chess.com INT"]
[Date "2025.07.01"]
[Round "3"]
[White "Fernandez Estremera, Fernando"]
[Black "Ruiz Aguilar, Pablo Alexander"]
[Result "1-0"]
[WhiteTitle "CM"]
[BlackTitle "FM"]
[WhiteElo "2160"]
[BlackElo "2141"]
[WhiteFideId "24520152"]
[BlackFideId "4401352"]
[EventDate "2025.07.01"]

1. e4 c5 2. Nf3 e6 3. d4 cxd4 4. Nxd4 a6 5. Nc3 Nc6 6. Nxc6 bxc6 7. Bf4 Bb4 8.
Qg4 Qf6 9. Bd2 Nh6 10. Qg3 Qg6 11. Bd3 Qxg3 12. hxg3 Ng4 13. a3 Be7 14. Na4 Ne5
15. Be2 Rb8 16. f4 Ng6 17. Bc3 O-O 18. f5 d5 19. fxg6 hxg6 20. exd5 cxd5 21. b3
Bd7 22. Be5 Rbc8 23. Nb6 Rcd8 24. Bc7 Bf6 25. Rd1 Bc3+ 26. Kf1 Rde8 27. Nxd7 Re7
28. Bd6 Rxd7 29. Bxf8 Kxf8 30. Bxa6 Ra7 31. Bd3 Rxa3 32. Ke2 Ke7 33. Rb1 e5 34.
Rh4 Ra2 35. Ra4 1-0

[Event "Titled Tue 1st Jul Early"]
[Site "chess.com INT"]
[Date "2025.07.01"]
[Round "3"]
[White "Goryachkina, Aleksandra"]
[Black "Gonzalez Mojica, Renan Arturo"]
[Result "1-0"]
[WhiteTitle "GM"]
[BlackTitle "FM"]
[WhiteElo "2533"]
[BlackElo "2098"]
[WhiteFideId "4147103"]
[BlackFideId "4482379"]
[EventDate "2025.07.01"]

1. e4 g6 2. d4 Bg7 3. Nc3 d6 4. Be3 a6 5. a4 Nc6 6. Nge2 e5 7. d5 Nb8 8. Qd2 f5
9. f3 fxe4 10. Nxe4 Bf5 11. N2g3 Nd7 12. Bd3 h6 13. a5 Ngf6 14. c4 Nxe4 15. fxe4
Bg4 16. h3 Bh5 17. O-O Nf6 18. c5 O-O 19. cxd6 cxd6 20. Bxh6 Rc8 21. Bxg7 Kxg7
22. Rf2 Rc5 23. b4 Rc7 24. Raf1 Rcf7 25. Qg5 Kh7 26. Qh4 Qe7 27. Be2 Nxd5 28.
Qxe7 Nxe7 29. Rxf7+ Rxf7 1-0

[Event "Titled Tue 1st Jul Early"]
[Site "chess.com INT"]
[Date "2025.07.01"]
[Round "3"]
[White "Le, Minh Tu"]
[Black "Akhmedov, David"]
[Result "0-1"]
[WhiteTitle "FM"]
[BlackTitle "FM"]
[WhiteElo "1932"]
[BlackElo "2447"]
[WhiteFideId "12404888"]
[BlackFideId "34220194"]
[EventDate "2025.07.01"]

1. d4 Nf6 2. Bf4 d5 3. e3 c5 4. Nc3 a6 5. dxc5 Qa5 6. Nf3 e6 7. Bd3 Nbd7 8. O-O
Nxc5 9. Ne5 Qb6 10. Rb1 Bd6 11. b4 Nxd3 12. cxd3 Qc7 13. Rc1 Bxe5 14. Nxd5 Qd8
15. Bxe5 exd5 16. Bc7 Qe7 17. Bb6 Nd7 18. Bc5 Nxc5 19. Rxc5 O-O 20. Rxd5 Qxb4
21. Rd4 Qa5 22. Qf3 Qxa2 23. Qg3 Be6 24. h4 Qa5 25. Rf4 b5 26. d4 b4 27. e4 Bc4
28. Rc1 b3 0-1

[Event "Titled Tue 1st Jul Early"]
[Site "chess.com INT"]
[Date "2025.07.01"]
[Round "3"]
[White "Punin, Andrii"]
[Black "Dovgaliuk, Oleksandr"]
[Result "1-0"]
[WhiteTitle "FM"]
[WhiteElo "2289"]
[BlackElo "2174"]
[WhiteFideId "14112639"]
[BlackFideId "14167247"]
[EventDate "2025.07.01"]

1. Nf3 Nf6 2. c4 c6 3. g3 d5 4. Bg2 Bf5 5. Qb3 Qb6 6. d3 dxc4 7. Qxc4 Nbd7 8.
O-O e6 9. Nc3 Qb4 10. Qxb4 Bxb4 11. Nh4 Bg4 12. h3 Bxc3 13. hxg4 Ba5 14. g5 Nd5
15. a3 Bb6 16. Nf3 a5 17. Bd2 a4 18. d4 Ba5 19. e4 Bxd2 20. exd5 Ba5 21. dxc6
bxc6 22. Rac1 Rc8 23. Ne5 Nxe5 24. dxe5 Bd2 25. Rxc6 Ke7 26. Ra6 Bc1 27. Ra7+
Kf8 28. Rd1 Bxb2 29. Rdd7 Bxe5 30. Rxf7+ Kg8 31. Bh3 Re8 32. Rfd7 h6 33. g6 h5
34. Bxe6+ 1-0

[Event "Titled Tue 1st Jul Early"]
[Site "chess.com INT"]
[Date "2025.07.01"]
[Round "3"]
[White "Keatinge-Clay, Adrian"]
[Black "Ryabukhin, Roman"]
[Result "0-1"]
[WhiteTitle "FM"]
[BlackTitle "CM"]
[WhiteElo "2232"]
[BlackElo "2236"]
[WhiteFideId "2011867"]
[BlackFideId "24257893"]
[EventDate "2025.07.01"]

1. d4 e6 2. c4 b6 3. Nc3 Bb4 4. Qb3 Bxc3+ 5. Qxc3 Nf6 6. f3 d5 7. Bg5 Bb7 8. e3
O-O 9. Bd3 Nbd7 10. Ne2 c5 11. O-O Rc8 12. cxd5 exd5 13. Rac1 Re8 14. Bf5 Ba6
15. Bd3 Bxd3 16. Qxd3 h6 17. Bh4 Qe7 18. Bf2 Nf8 19. dxc5 bxc5 20. Rfd1 Red8 21.
Nc3 Qb7 22. b3 Ne6 23. Qf5 d4 24. Na4 Rd5 25. Qh3 Qb4 26. exd4 Nxd4 27. Qxc8+
Kh7 28. Rc4 Ne2+ 29. Kf1 Rxd1+ 30. Kxe2 Qd2# 0-1

[Event "Titled Tue 1st Jul Early"]
[Site "chess.com INT"]
[Date "2025.07.01"]
[Round "3"]
[White "Reprintsev, Alexander"]
[Black "Pakleza, Zbigniew"]
[Result "0-1"]
[WhiteTitle "IM"]
[BlackTitle "GM"]
[WhiteElo "2256"]
[BlackElo "2484"]
[WhiteFideId "14100541"]
[BlackFideId "1119290"]
[EventDate "2025.07.01"]

1. e4 d6 2. d4 Nf6 3. Nc3 c6 4. f4 Qb6 5. h3 e5 6. Nf3 Nbd7 7. Be2 exd4 8. Qxd4
d5 9. Qxb6 Nxb6 10. e5 Nh5 11. Bd3 Ng3 12. Rh2 Bc5 13. a3 a5 14. Bd2 Nc4 15.
Bxc4 dxc4 16. O-O-O b5 17. Re1 Bf2 18. Nd1 Bxe1 19. Nxe1 O-O 20. Be3 Rd8 21. Nc3
b4 22. Na4 Ne2+ 23. Kb1 Rd1+ 24. Ka2 Be6 0-1